[Event "Lille Luce op 6th"]
[Site "Lille"]
[Date "2015.05.10"]
[Round "9"]
[White "Manolache, Marius"]
[Black "Loiseau, Quentin"]
[Result "0-1"]
[WhiteElo "2498"]
[BlackElo "2415"]
[Annotator "Loiseau,Q"]
[PlyCount "74"]
[EventDate "2015.05.04"]
[EventType "swiss"]
[EventRounds "9"]
[EventCountry "FRA"]
[SourceTitle "EXT 2017"]
[Source "ChessBase"]
[SourceDate "2016.10.25"]
[SourceVersion "1"]
[SourceVersionDate "2016.10.25"]
[SourceQuality "1"]

{This game took place during the last round of the 6th Lucopen. After bad
results during the French Youth Chess Championship (U20) the previous week, I
played very well in this tournament. At this point I was third, half a point
behind the two leading players but with a very good tie-break. On the one hand,
a draw would have secured my first GM norm but a win was also very interesting
in order to finish on a very good place. It's a special game for me, as it
concluded the best tournament I ever played with a clean win with the black
pieces against a grandmaster.} 1. d4 d5 2. Nf3 Nf6 3. c4 e6 4. Nc3 dxc4 {
The Vienna System. An interesting opening in order to play actively without
big strategical drawbacks.} 5. e3 (5. e4 {is the critical line}) 5... a6 6. a4
c5 7. Bxc4 Nc6 8. O-O {Here at first sight it seems that Black has completely
missplayed his opening as he's less developed, without a single pawn on the
central squares. But with the e3 pawn it is not easy to find a decent
immediate plan for White.} Be7 {All this is very well known and I had this
exactly same position in round five against the young Dutch player Jorden Van
Foreest. Nevertheless, I was quite optimistic that my opponent hadn't prepared
this line, as he uses to play more or less always the same moves in the opening
} 9. b3 $6 {A little surprise, even if I had prepared it very quickly the day
before the game. I'm quite skeptical about the evaluation of this move and I
think that Black has already equalized} (9. Qe2 {Is more popular in order to
play Rd1}) 9... cxd4 10. Nxd4 (10. exd4 {happened in Manolache,M (2527)
-Thesing,M (2425) Baia Sprie 2010. I think that in this kind of Isolated Queen
Pawn, White's black-squared bishop isn't happy on the b2 square.}) 10... Bd7 {
Black is developing his pieces quite easily and the weakness of the b4 square
secures him a good game for the moment.} ({The computer likes picking up the
bishop pair:} 10... Na5 {with the idea Nxc4 and after} 11. Be2 (11. Qe2 Nxc4
12. bxc4 Qa5) 11... e5 12. Nf3 Be6 {with a nice position}) (10... Nxd4 {
forces an IQP, but with better conditions for White than after 10.exd4. For
instance :} 11. exd4 O-O 12. Bb2 Qc7 13. d5 $13) 11. Re1 $6 {I don't really
see the point behind this move. I guess that my opponent was trying to
unbalance the position by preparing e3-e4, but he is far from achieving his
goal.} (11. Bb2 {was far more logical, followed by moves like Nf3, Qe2, Rac1
and Rfd1 with approximative equality.}) 11... O-O 12. Bb2 Qa5 13. Na2 $6 {
Now this is becoming more serious. By trying to play imaginative chess my
opponent is missing some of the the most important chess principles, such as
development and centralization.} (13. Nf3 {remains valid.}) 13... Rfd8 14. Qe2
Nxd4 ({It was tempting to try to win the Bc4 with} 14... Ne5 {but} 15. b4 $1 {
leaves the black queen in a complicated position. However Black his still
completely OK.}) 15. Bxd4 Bc6 $15 {Here I thought I had reached a comfortable
position. I didn't have the slightest weakness and my pieces were almost all
in the game.} 16. Rac1 Rd7 17. Red1 (17. b4 Qg5 (17... Qxa4 18. Rb1 Bb5) 18. f4
Qh4 19. b5 axb5 20. Bxb5 $11) 17... Rad8 18. h4 $2 {White continues to weaken
the important squares and pawn. Here, in order to prevent Qg5 my opponent left
his h-pawn almost "en prise" to the bishop on e7, and reduced the defense of
his king.} ({I was not sure about what to do on} 18. b4 {and wanted to play
something like} Qg5 (18... Qxa4 $1 {and there should not have any danger for
Black.}) 19. f4 Qh6 (19... Qh4 20. b5 axb5 21. Bxb5 Bxb5 22. axb5 Nd5 23. g3
Qh3 24. Nc3 $11 {is a little bit annoying.}) 20. b5 axb5 21. Bxb5 Bxb5 22. axb5
Nd5 $15) (18. f4 $1 {with the same idea of preventing Qg5 was far better. Here
the computer gives a nice move:} Nd5 $1 {[%cal Gd5f4] and White hasn't a
single really good choice against Nxf4} 19. Bxd5 {should be the best, but after
} (19. g3 {opens the white squares around the king.} Nf6 $17) (19. Rf1 {
allows a beautiful sequence:} Nxe3 $1 20. b4 $1 (20. Bxe3 $2 Rd2 $19) 20...
Rxd4 $3 21. bxa5 Rd2 22. Rf2 Rxe2 23. Bxe2 Rd4 $17 {with more than sufficient
compensation.}) 19... Bxd5 $17 {Black is simply doing great}) 18... Qf5 19. Nc3
Ng4 20. f3 $6 (20. Bd3 $1 {The best move to stay alive.} Qh5 21. f3 $1 {
A move I overlooked during the game. Hopefully it is not a disaster for Black.}
(21. g3 {allows Black to enter in a much favorable endgame:} e5 (21... g5 $5
$40 {Keeping the tension and the attack on the white king.}) 22. Bb6 Bxh4 23.
gxh4 Qxh4 24. f3 Qg3+ 25. Qg2 Qxg2+ 26. Kxg2 Rxd3 27. Bxd8 Nxe3+ 28. Kg1 Nxd1
29. Rxd1 Rxd1+ 30. Nxd1 Bxf3 $17 {or -+}) 21... Ne5 22. Be4 Bxh4 23. g4 $5 {
in order to complicate the game with the unstable Ne5} Qg5 24. Kf1 f5 $1 25.
Bxe5 fxe4 $17) 20... Ne5 $19 {At the begining of the game I planned to offer a
draw on move 20 (the limit fixed by the tournament rules), whatever happened,
in order to secure my GM norm if he accepted. But here I changed my mind
because the two leaders had drawn their game on board one. I had about 20
minutes against five and, last but not least, my position was absolutely great,
without any risk to play on. Black will win the bishop pair and play against
numerous weaknesses.} 21. Bxe5 ({I thought my opponent was planning to play} 
21. e4 {where I had the nice tactical blow} Nxf3+ $1 22. gxf3 (22. Qxf3 Qxf3
23. gxf3 Rxd4 $19) 22... Qg6+ $19 {winning back the Bd4}) 21... Qxe5 22. Rxd7
Rxd7 23. Nd1 (23. Bd3 {[%cal Gd3e4] should provide the greatest resistance.})
23... h5 24. Nf2 Bc5 25. Re1 Qg3 26. Bd3 Bd6 27. Be4 Qh2+ 28. Kf1 Bxe4 29. Nxe4
Bb4 $1 {A simple move to win the exchange} 30. Nf2 (30. Rd1 Qh1+ 31. Kf2 Rxd1 {
wins on the spot}) 30... Bxe1 ({I almost played the line} 30... Rd2 31. Qc4
Rxf2+ {in order to end the game with Qxh4+ and Qxe1, before I realized that}
32. Kxf2 Qxh4+ (32... Bxe1+ 33. Kxe1 Qg1+ {would have still be possible}) 33.
Qxh4 {was problematic!}) 31. Qxe1 Qxh4 {The game is over, White continued some
moves, as we were both in time trouble:} 32. Qc3 Qd8 33. f4 Qc7 34. Qb4 Qc2 35.
Qe1 Qxb3 36. a5 Qc2 37. Kg1 Rd2 {A very nice game to conclude a beautiful
tournament. I was terribly lucky to win it since in the end I finished only
half a point ahead in the first tie-break than the three players behind me. It
was really enjoyable too that my roomate, Adrien Demuth, finished on a good
place (third), but I was quite frustrated for him as he had been leading
during the entire tournament.} 0-1

[Event "Morso"]
[Site "Morso"]
[Date "2002.02.15"]
[Round "7"]
[White "Miezis, Normunds"]
[Black "Pedersen, Jan"]
[Result "1-0"]
[WhiteElo "2498"]
[BlackElo "2413"]
[Annotator "Lukacs,P"]
[PlyCount "61"]
[EventDate "2002.02.09"]
[EventType "tourn"]
[EventRounds "9"]
[EventCountry "DEN"]
[EventCategory "10"]
[SourceTitle "CBM 088"]
[Source "ChessBase"]
[SourceDate "2002.03.21"]
[SourceVersion "1"]
[SourceVersionDate "2002.03.21"]
[SourceQuality "1"]

1. c4 c6 2. e4 d5 3. cxd5 cxd5 4. exd5 Nf6 5. Nc3 Nxd5 6. Nf3 e6 (6... g6 {
is the other way to finish the development of the >>.}) 7. Bc4 Be7 8. O-O O-O
9. Re1 Nc6 10. Bb3 (10. d4 {- D41} Nxc3 11. bxc3 b6 {is the main line, and
White wants to avoid it.}) 10... Nf6 (10... Bf6) 11. d4 {Now we are again in
the QG Tarrasch (or Panov Attack, as You like) where Bb3 is not that necessary.
} a6 (11... Na5 12. Bc2 b6 13. Bg5 Bb7 14. Qd3 g6 15. Ne5 (15. a3 Rc8 16. Ne5
Nc6 {Black has to come back with his bad N.} 17. Rad1 Nd5 $11 {
Zugic-Charbonneau, Qubec op Montreal 1999}) 15... Nc6 {/\ Nb4} 16. Qf3 (16. Bh6
Nb4) 16... Rc8 17. Bh6 Re8 18. Ba4 {This is a typical method in the isolated P
positions.} Nxe5 19. Qxb7 $14) (11... b6 $5) 12. h3 {White is playing rather
positionally, securing the h2-b8 /^ for his B. The usual plan is a >> -> with
a battery on the b1-h7 /^ and the other B belongs to g5.} (12. Bf4 $14) 12...
Na5 (12... b5 13. d5 $1 exd5 14. Nxd5 Nxd5 15. Qxd5 Bb7 16. Qh5 $36) 13. Bc2 b5
14. Ne5 (14. Qd3 Bb7 15. Bg5 g6 16. Ne5 Nc6 17. Bh6 Re8 $13 {and now h3 is
only a loss of a tempo.}) 14... Bb7 15. Qd3 g6 (15... b4 $5 {weakens a bit ><
c5, but perhaps it was the best reaction.} 16. Bg5 (16. Na4 {immediately is
met by} Qd5 $1 17. f3 (17. Qf1 Qxd4) 17... Qb5 $13) 16... g6 17. Na4 (17. Bxf6
Bxf6 18. Ne4 Bg7 19. Nc5 Bd5 $13) 17... Rc8 (17... Nd5 18. Bh6 $16) (17... Qd5
18. Qf1 $1 Qxd4 $6 19. Rad1 Qa7 20. Bxf6 Bxf6 21. Nd7 Bd4 22. Nxf8 Rxf8 23. Rd2
$16) (17... Bd5 18. Nc5 $14) 18. Nc5 $5 $14) 16. Bh6 {Now White didn't lose a
tempo by Bg5.} Re8 17. Rad1 (17. Qg3 $5 {deserved attention with immediate
threats on >< g6.} Qxd4 (17... Nc6 $2 18. Bxg6 $18) 18. Bxg6 $1 (18. Nxg6 hxg6
19. Bxg6 Ng4 $1 20. Be4) 18... hxg6 19. Nxg6 Kh7 $1 (19... Ng4 20. Nxe7+ Rxe7
21. hxg4 $18) 20. Nxe7 Kxh6 21. Rad1 Qc4 22. Re5 Rg8 (22... Kh7 23. b3 Qb4 24.
Rg5) 23. Nxg8+ Rxg8 24. Qe3+ Kh7 25. Rg5 $40) 17... b4 18. Ne2 (18. Na4 $1 {
/\ Nc5 looks again more to the point.} Qd5 $1 19. Qf1 $1 $14) 18... Be4 19. Qd2
Bxc2 20. Qxc2 {White has no real attacking chances on the >> without his
light-squared B, but something will happen...} b3 $6 {This is completely
unnecessary.} (20... Rc8 21. Qd3 Qb6 $13) 21. axb3 Qb6 (21... Rc8 22. Qd3 $14)
22. Rd3 $1 {bringing the R on the third rank for a >> ->.} Rab8 (22... Rec8 23.
Rc3 $16) (22... Nd5 23. Rf3 $16) 23. Rg3 Rec8 (23... Qb7 24. Nf4 $16) 24. Qb1
Nxb3 $2 {[#] Black has completely forgotten about his K.} (24... Bf8) 25. Nxg6
$1 $18 {[%mdl 512] and finally comes the lethal blow on g6 anyway! The finish
is very impressive.} fxg6 26. Rxg6+ $1 Kf7 27. Rxf6+ $1 Kxf6 28. Qxh7 Bf8 29.
Ng3 $1 e5 30. Qf5+ Ke7 31. Rxe5+ 1-0

[Event "EU-ch 12th"]
[Site "Aix les Bains"]
[Date "2011.03.30"]
[Round "8"]
[White "Zude, Erik"]
[Black "Gozzoli, Yannick"]
[Result "0-1"]
[WhiteElo "2409"]
[BlackElo "2543"]
[Annotator "Marchand,A/Primel,D"]
[PlyCount "46"]
[EventDate "2011.03.22"]
[EventType "swiss"]
[EventRounds "11"]
[EventCountry "FRA"]
[SourceTitle "CBM 142 Extra"]
[Source "ChessBase"]
[SourceDate "2011.06.27"]
[SourceVersion "1"]
[SourceVersionDate "2011.06.27"]
[SourceQuality "1"]

1. d4 d5 2. c4 dxc4 3. e3 Nf6 4. Bxc4 e6 5. Nf3 {92} c5 {91} 6. O-O a6 7. Bb3 {
La grande mode actuelle а haut niveau mais les Blancs sont souvent obligés de
sacrifier un P pour garder l'initiative} (7. Bd3 Nc6 8. Nc3 (8. a3) 8... Qc7 9.
a3 b6 (9... b5) 10. Bd2 {Gurevich,M (2610)-Speelman,J (2605) France 1994 1-0} (
10. Ne4 $5 {Watson})) (7. Nc3 Nc6 8. a3 (8. a4) 8... b5 9. Ba2 Bb7 10. Qe2 Qc7
11. Rd1 Rd8 12. d5 exd5 13. Nxd5 Nxd5 14. Bxd5 $14 {[%csl Re8];Kramnik,V (2800)
-Howell,D (2633) London Classic 3rd 2011 (7) 1-0}) 7... b5 8. a4 {Le thème de
la variante} (8. Qe2 {L'alternative}) 8... b4 {92} 9. e4 $1 {92} (9. Nbd2 Bb7
10. e4 {le gambit est considéré comme un peu moins bon dans cet ordre de coup
et la théorie préfère 9.e4} Be7 (10... Nxe4 $6 11. Nxe4 Bxe4 12. Re1 {[%csl
Re8][%cal Ge1e4,Gd4d5,Ge1e8]} Bd5 $8 13. Bg5 $32 Be7 (13... f6 14. dxc5 {
Un choix solide qui laisse un net avantage aux Blancs mais le sacrifice du Ne5
donne des meilleures chances de réaliser une miniature mais c'est bien sur,
plus risqué.} (14. Ne5 $1 {[%csl Re8,Rf7,Rg6][%cal Gd1h5]} fxg5 (14... Bxb3 15.
Qxb3 Qd5 16. Qxd5 exd5 17. Ng6+ {[%csl Ge1]}) 15. Qh5+ g6 16. Nxg6 hxg6 17.
Qxg6+ $1 (17. Qxh8 $4 Bxb3) 17... Kd7 18. Bxd5 $1 exd5 19. Qf7+ Be7 20. Qxd5+
Kc8 21. Qxa8 {[%cal Ga1c1]} Qc7 22. h3 Bf6 (22... g4 23. Qe4 $18) 23. dxc5 Bxb2
24. Rad1 {Le K noir est trop exposé pour survivre}) 14... Be7 {Grabliauskas,V 
(2413)-Zickus,S (2307) LTU-ch Vilnius 2009 (5) 1-0}) 14. Bxe7 Bxb3 15. Qxb3
Qxe7 16. d5 O-O 17. dxe6 $16) 11. e5 Nfd7 (11... Nd5 $6 12. Nc4 $16) 12. Nc4
O-O 13. Bc2 (13. Nd6 $5 {Dreev,A (2690)-Ponomariov,R (2684) EU-Cup 17th
Panormo 2001 (6) 1/2})) 9... cxd4 {83 Le marseillais commence а réfléchir et
il se méfie de la préparation adverse} (9... Bb7 10. Nbd2 {Retombe par
interversion sur une ligne précédente}) 10. e5 {91} (10. Qxd4 $142) 10... Nfd7
11. Nxd4 $5 {66 Après une longue réflexion les Blancs optent pour le sacrifice
du P"e5"} (11. Qxd4 Nc6 12. Qf4 $14 {Vasilev,M (2470)-Kozhuharov,S (2456)
BUL-ch 72nd Plovdiv 2008 (9) 1-0}) (11. Bg5 Be7 12. Bxe7 Qxe7 13. Qxd4 $14 {
Piasetski,L (2299)-Gozzoli,Y (2543) Lille op 2nd 2011 (5) 1/2}) 11... Nc5 (
11... Nxe5 $142 12. Be3 (12. Bf4 $32) 12... Nbc6 {Donaldson,J (2435)-Ritvin,S 
(2256) World op 29th 2001 (3) 1-0}) 12. Be3 $146 (12. Bc2 Bb7 13. Be3 (13. Bf4)
13... Be7 14. Qg4 {[%csl Rg7]}) (12. Bc4 Bb7 {Harikrishna,P (2502)-Krush,I 
(2411) Hastings 0102 77th 2001 (6) 1-0}) 12... Bb7 13. Nd2 {54} Nbd7 {63} 14.
N2f3 {43} (14. Nc4 $142 {[%cal Gc4d6] Davantage dans l'esprit de la position}
Nxb3 15. Nxb3 (15. Qxb3 Bd5)) 14... Nxb3 $11 {56} 15. Qxb3 Bd5 16. Qd3 Qb8 {
[%csl Re5]} 17. Rac1 Nxe5 18. Nxe5 {22} Qxe5 {46} 19. Nb5 $2 {Il restait
pourtant 20 mns aux Blancs} (19. Rfd1 Qe4 20. Qxe4 Bxe4 21. Rc7 Bd6 (21... Be7
22. f3 Bd5 23. Nf5 $36) 22. Nxe6 $1) 19... axb5 20. Qxb5+ Ke7 21. Qb6 Qb8 $19
22. Qd4 Kd7 23. Bf4 Bd6 0-1

[Event "Hospitalet op"]
[Site "Sitges"]
[Date "1993.??.??"]
[Round "5"]
[White "Marin, Mihail"]
[Black "De la Villa Garcia, Jesus Maria"]
[Result "1-0"]
[WhiteElo "2515"]
[BlackElo "2440"]
[Annotator "Marin,M"]
[PlyCount "79"]
[EventDate "1993.07.??"]
[EventType "swiss"]
[EventRounds "9"]
[EventCountry "ESP"]
[SourceTitle "CBM 038"]
[Source "ChessBase"]
[SourceDate "1994.02.01"]
[SourceVersion "1"]
[SourceVersionDate "1994.02.01"]
[SourceQuality "1"]

1. d4 d5 2. c4 dxc4 3. e3 Nf6 4. Bxc4 e6 5. Nf3 a6 6. a4 c5 7. O-O Nc6 8. Qe2
Qc7 (8... cxd4 9. Rd1 Be7 10. exd4) 9. Nc3 Bd6 10. Rd1 O-O 11. h3 b6 12. Bd2 (
12. d5 Ne5 13. Nxe5 Bxe5 14. dxe6 Bxe6 15. Bxe6 fxe6 16. Qc4 Qc6 {Karpov,
An-Timman,J/Linares/1989/}) 12... Bb7 13. Be1 (13. d5 exd5 14. Nxd5 Nxd5 15.
Bxd5 Nd4 $1) 13... h6 14. Rac1 Rfd8 (14... cxd4 15. exd4 Bf4 16. Bd2 $11) (
14... Rfe8 $5) 15. d5 exd5 16. Nxd5 Nxd5 17. Bxd5 Ne5 $2 (17... Ne7 18. Bc4 Qc6
19. b3 Ng6 20. Bc3 Ne5 21. Bxe5 Bxe5 22. Rxd8+ Rxd8 23. Bxa6 $16) 18. Bxb7 Qxb7
19. Rxd6 $1 Rxd6 (19... Nxf3+ 20. Qxf3 Qxf3 21. Rxd8+ $18) 20. Nxe5 Re8 21. Nc4
(21. Nf3) 21... Rg6 22. f3 (22. Qf1 Ree6 {/\ 23...Rxg2}) 22... Qd7 23. a5 b5
24. Nb6 Qxh3 25. Nd5 (25. Rxc5 $4 Rxe3) 25... Qc8 26. e4 c4 27. Bb4 Qb7 28. Rd1
Rg5 29. Qf2 Kh7 30. Qc5 (30. Qb6 Qc8 {/\ Qh3}) 30... Qb8 31. Qd6 (31. Qc7 $4
Rxd5 32. Qxb8 Rxd1+ $19) 31... Qc8 32. Qf4 (32. Nb6 Qb7) 32... Qe6 $1 33. Ne3 (
33. Nc7 Qg6 34. Nxe8 Rxg2+ 35. Kh1 Rg5 36. Rd2 Rg1+ 37. Kh2 Rg5 $132) 33... Qg6
34. Rd7 Kg8 35. Be7 c3 (35... Qe6 36. Qd6 Rg6 37. Qxe6 Rxe6 38. Bb4 $16) 36.
bxc3 Qc6 37. Qd6 Qxc3 38. Bxg5 hxg5 39. Qd2 Qa1+ 40. Kf2 1-0

[Event "Metz op 30th"]
[Site "Metz"]
[Date "2012.04.23"]
[Round "4"]
[White "Lalic, Bogdan"]
[Black "Malakhatko, Vadim"]
[Result "1/2-1/2"]
[WhiteElo "2469"]
[BlackElo "2532"]
[Annotator "Metz Alekhine/Primel,D"]
[PlyCount "34"]
[EventDate "2012.04.14"]
[EventType "swiss"]
[EventRounds "9"]
[EventCountry "FRA"]
[SourceTitle "EXT 2013"]
[Source "ChessBase"]
[SourceDate "2012.11.22"]
[SourceVersion "1"]
[SourceVersionDate "2012.11.22"]
[SourceQuality "1"]

1. d4 d5 2. c4 dxc4 3. e3 (3. e4) 3... Nf6 4. Bxc4 e6 5. Nf3 a6 6. O-O c5 7.
dxc5 {Une ligne tranquille pas trés ambitieuse mais les Blancs ne risquent pas
grand chose et c'est ce que recherche le croate avant tout.} (7. a4) (7. Bb3) (
7. Qe2) 7... Qxd1 8. Rxd1 Bxc5 9. b3 Nbd7 10. Bb2 b6 11. Be2 $1 {[%csl Rb6,Rd6]
[%cal Gb1d2,Gd2c4]} Bb7 12. Nbd2 O-O (12... Ke7 $143 13. Ne1 {Jakovenko,D 
(2737)-Akobian,V (2606) Dresden ol (Men) 38th 2008 (8) 1-0}) 13. Rac1 Rfc8 (
13... Rfd8 {[%cal Ga8c8]}) 14. Nc4 Bd5 15. Nce5 Nxe5 16. Nxe5 b5 17. Kf1 h6 {
La position restait théorique} 1/2-1/2

[Event "Metz op 30th"]
[Site "Metz"]
[Date "2012.04.17"]
[Round "6"]
[White "Libiszewski, Fabien"]
[Black "Cornette, Matthieu"]
[Result "1/2-1/2"]
[WhiteElo "2523"]
[BlackElo "2545"]
[Annotator "Metz Alekhine/Primel,D"]
[PlyCount "58"]
[EventDate "2012.04.14"]
[EventType "swiss"]
[EventRounds "9"]
[EventCountry "FRA"]
[SourceTitle "EXT 2013"]
[Source "ChessBase"]
[SourceDate "2012.11.22"]
[SourceVersion "1"]
[SourceVersionDate "2012.11.22"]
[SourceQuality "1"]

1. Nf3 {84 Retard?} Nf6 {88} 2. c4 e6 3. Nc3 d5 4. d4 dxc4 5. e3 a6 6. a4 (6.
Bxc4) 6... c5 7. Bxc4 Nc6 8. O-O {70} Be7 {79} 9. Qe2 cxd4 10. Rd1 e5 11. exd4
exd4 12. Nxd4 {Théorique} Nxd4 13. Qe5 Qd6 14. Qxd6 Bxd6 15. Rxd4 {60 Tout est
encore théorique mais les deux adversaires n'ont pas joué rapidement
l'ouverture.} Bc5 16. Rd1 (16. Rd3 Bf5 17. Rf3 Be6 18. Be3 Rc8 19. Bxe6 fxe6
20. Re1 Kf7 21. Ne4 Bb4 22. Re2 h6 23. h3 Rc4 24. Nxf6 gxf6 25. Rf4 Rxf4 26.
Bxf4 e5 27. Be3 h5 28. Rc2 Bd6 29. g3 Ke6 30. Rc4 f5 31. b3 Kd5 32. Bb6 Rf8 33.
Rh4 Rh8 34. Rc4 Rf8 35. Rh4 Rh8 {1/2-1/2 (35) Le Quang,L (2703)-So,W (2677)
Saint Louis 2012}) 16... O-O 17. h3 Be6 18. Bxe6 fxe6 19. Be3 {La nulle entre
les deux amis ne devrait pas tarder.} Bxe3 20. fxe3 $11 Rfd8 21. Kf2 {42} Kf7
22. Ke2 Ke7 23. Rxd8 {Nouveauté au ... 23ème coup!} (23. a5 Rac8 24. Rxd8 Kxd8
25. Rd1+ Ke7 26. Rd4 Ne8 27. Kd3 Nd6 28. Ne4 Nf7 29. b4 Ne5+ 30. Kd2 Nc4+ 31.
Ke2 Ne5 32. Nc5 Rc7 33. Re4 Kd6 34. Rd4+ Ke7 35. Re4 Kd6 36. Rd4+ Ke7 37. Re4 {
1/2-1/2 (37) Ozturk,K (2273)-Zdebskaja,N (2383) Konya 2010}) 23... Rxd8 24. a5
Nd5 25. Rc1 (25. Ra4 {[%cal Ga4c4]}) 25... Nxc3+ 26. Rxc3 Rd5 27. Rc7+ Rd7 28.
Rc4 Rd5 29. Rc7+ Rd7 1/2-1/2